Exploring the Effectiveness of ARIMA Models in Predicting Interest Rates in Slovakia

Cieľom štúdie je vyplnenie medzery v literatúre a preskúmanie využitia modelu ARIMA v predpovedaní úrokovej sadzby v SR, v krajine podliehajúcej domácim ekonomickým faktorom, ako aj ekonomickým faktorom EÚ.

Na minha lista:
Detalhes bibliográficos
Autor principal: Gajdošíková, Dominika
Formato: Capítulo de Livro
Idioma:inglês
Assuntos:
Tags: Adicionar Tag
Sem tags, seja o primeiro a adicionar uma tag!

MARC

LEADER 00000naa a2200000 4500
001 0308928
005 20250606081558.7
041 0 |a eng 
044 |a SK 
245 1 0 |a Exploring the Effectiveness of ARIMA Models in Predicting Interest Rates in Slovakia  |c Dominika Gajdošíková 
520 |a Cieľom štúdie je vyplnenie medzery v literatúre a preskúmanie využitia modelu ARIMA v predpovedaní úrokovej sadzby v SR, v krajine podliehajúcej domácim ekonomickým faktorom, ako aj ekonomickým faktorom EÚ. 
610 2 0 |a modely prognostické 
610 2 0 |a predvídanie 
610 2 0 |a politika menová 
610 2 0 |a sadzby úrokové 
610 2 0 |a dynamika ekonomiky 
100 1 |a Gajdošíková, Dominika